000 04413nab a2200325 i 4500
003 BR-BrBNA
005 20240924130106.0
008 240924b2021 bl.qr|pooa||| 00| 0 por |
040 _aBR-BrBNA
_bpor
072 _aF03
072 _aH20
072 _aF60
100 _aArantes, Cárita Rodrigues De Aquino
100 _aCorrea, Amanda Ribeiro
100 _aKobayasti, Leimi
100 _aCamili, Elisangela Clarete
245 _aQualidade sanitária e fisiológica de sementes de Sonchus oleraceus L. tratadas com extratos vegetais
500 _aPublicação on-line; 26 ref.; 2 tables; 1 illus.; Summaries (En, Pt)
520 _a RESUMO: Objetivou-se verificar a incidência de fungos fitopatogênicos e a viabilidade do uso de extratos aquosos, em diferentes concentrações, na qualidade sanitária e fisiológica de sementes de serralha. Inicialmente foi feito teste de sanidade para verificar a incidência de fungos nas sementes. No primeiro experimento avaliou-se a eficiência do uso de diferentes extratos aquosos na qualidade sanitária das sementes. No segundo experimento avaliou-se a influência do uso dos extratos aquosos na qualidade fisiológica das sementes. O delineamento foi inteiramente casualizado, com 30 tratamentos: Duas testemunhas (água destilada/esterilizada e Vitavax Thiram®), sete extratos (alho, canela, coentro, hortelã, alfavaca, flor de seda e noni), em quatro concentrações (25, 50, 75, 100%), com quatro repetições. No primeiro experimento utilizou-se “blotter test” com restrição hídrica a -0,6 MPa e, após cinco dias de incubação à 20 °C e fotoperíodo de 12 h, foi quantificada a incidência de fungos nas sementes. No segundo experimento avaliou-se: porcentagem de germinação, índice de velocidade de germinação, número de plântulas normais e índice de velocidade de formação de plântulas normais. Foram encontrados sete gêneros de fungos associados às sementes de serralha. O extrato de alho reduziu a incidência de Alternaria p., Cladosporium sp. e, Nigrospora, fungos de maior ocorrência nas sementes de serralha, todavia, interferiu negativamente na germinação dessas sementes. Palavras Chave: Serralha, fungos fitopatogênicos, teste de sanidade, germinação, vigor.
520 _a ABSTRACT: Physiological and sanitary quality of Sonchus oleraceus L. seeds treated with plants extracts. In this study, were verified the incidence of phytopathogenic fungi and the viability of aqueous extracts, with different concentrations at physiological and sanitary quality of sowthistle seeds. Initially were made a sanity test for check the incidence of fungi in seeds. In the first experiment evaluated the effectiveness of using different aqueous extracts on the sanitary quality of the seeds and the second experiment evaluated the influence of the use of aqueous extracts on seed quality. In the first experiment, the following phytosanitary treatments were evaluated: control (untreated seeds); fungicide Vitavax Thiram® and extracts of garlic, cinnamon, cilantro, mint, wild basil, Sodom apple and noni at concentrations of 25, 50, 75 and 100% whit four replications. In this experiment, was used the “blotter test” and water restriction at -0,6 MPa. After five days of incubation at 20 °C and 12 h of photoperiod, it was quantified incidence of fungi on seeds. In the second experiment, was evaluated the influence of same extracts on the germination percentage, germination rate index, number of normal seedlings and formation of normal seedlings rate index. Seven genus of fungi associated of sowthistle seeds. The garlic extract reduced the fungal higher incidence: Alternaria sp., Cladosporium sp. and Nigrospora sp. However, this extract reduced the sowthistle seed germination. Keywords: sowthistle, phytopathogenic fungi, sanity test, germination, vigor.
650 _aSERRALHA
650 _aFUNGO
650 _aSEMENTE
650 _aGERMINAÇÃO
650 _aTESTE DE VIGOR
773 0 _03543
_9344690
_dBotucatu-SP Instituto de Biociências - Departamento de Química e Bioquímica 1998
_o2024-5022
_tRevista Brasileira de Plantas Medicinais (Brazil)
_x1516-0572
_gv. 23(2) p. 72-79; (2021)
_wBR2024002646
856 _uhttp://www.sbpmed.org.br/admin/files/papers/file_NzifOvJkjKYA.pdf
942 _cANA
999 _c327785
_d327785